000 01028nam a22002297a 4500
003 UA-OsUOA
001 49595
007 ta
008 20140110b un ||||| |||| 00| 0 ukr d
090 _a082
_bМ69
942 _cBK
040 _aUA-OsUOA
_bukr
_cUA-OsUOA
_dUA-OsUOA
245 _aМихайло Грушевський і українська історична наука
_bМатеріали наукових конференцій, присвячених Михайлові Грушевському
_cза ред. Я. Грицака, Я. Дашкевича
300 _a378 с.
955 _a1
041 _aukr
080 _a082
260 _aЛьвів
_bІнститут історичних досліджень Львівського державного університету ім. Івана Франка
_c1999
650 7 _a08 Видання. Колективні праці
_2UDC
999 _c429719
_d429719